| 000 | 004640000a22001930004500 | ||
|---|---|---|---|
| 003 | LK-CoMWRAF | ||
| 005 | 20230908134118.0 | ||
| 008 | 230817t1974 ||||| |||| 00| 0 eng d | ||
| 020 | _a0433905309 | ||
| 040 |
_aLK-CoMWRAF _dLK-CoMWRAF _eLK-CoMWRAF |
||
| 041 | _aeng | ||
| 082 |
_a823 _bACH |
||
| 100 | _aAchebu, Chinua | ||
| 245 | _aArrow of god | ||
| 260 |
_aU. S. A. : _bWilliam heinemann, _c1994 |
||
| 300 | _a230p | ||
| 650 | _aEnglish Fiction | ||
| 942 | _cBK | ||
| 999 |
_c729 _d729 |
||